000 00493nam a2200169Ia 4500
005 20250508152821.0
008 008 250505s9999 xx 000 0 eng d
037 _aBooks to be hide in OPAC
040 _aFEDL
_beng
_cFEDL
041 _aeng
_2eng
084 _a371.32, IND/O
_qFEDL
245 0 _aAnalysis sheet for the objective data in the language textbooks
245 0 _cGovernment of India
300 _a30p.
942 _cHB
_h371.32, IND/O
999 _c1338944
_d1338944